| 000 | 00826nam a22001817a 4500 | ||
|---|---|---|---|
| 005 | 20251108174611.0 | ||
| 008 | 250721s2008 xx 000 0 ara d | ||
| 082 | 1 | 4 | _aم/213.1/سلم |
| 100 | 1 |
_aبن سلمان، أبي محمد وليد _eمؤلف |
|
| 245 | 1 | 0 | _aالعبارات الجليلة في شرح القصيدة الغرامية في أوصاف الأحاديث النبوية و معها تطبيقات المحدث الكبير العلامة الشيخ محمد بن ناصر الدين الألباني رحمه الله / |
| 264 | 1 |
_aالإسكندرية : _bدار الإيمان للطبع و النشر و التوزيع، _c2008. |
|
| 300 | _a656 ص. | ||
| 650 | 1 | 7 | _aعلم الحديث |
| 650 | 1 | 7 | _aالحديث الشريف |
| 650 | 1 | 7 | _aالاسلام |
| 942 |
_2ddc _cREF |
||
| 999 |
_c113275 _d113275 |
||